Histoire : Les Grands Souverains du Moyen-Âge - Statistiques

Statistiques générales
  • Ce quiz a été pris 210 fois
  • Le résultat moyen est 5 sur 10
Statistiques - réponses
Question Réponse % Correct
Quelle île,proche de la Turquie, Richard Cœur de Lion a-t-il conquit en 1191 ? Chypre
85%
Père de Charlemagne, il permit la création des États Pontificaux. Pépin le Bref
76%
Duc de Normandie, il devient Roi d'Angleterre après la Bataille d'Hastings en 1066. Guillaume le Conquérant
74%
Reine d'Angleterre après avoir été Reine de France, c'est aujourd'hui une des figures féminines les plus célèbres du Moyen-Âge. Aliénor d'Aquitaine
60%
Quel Roi de France est considéré comme un précurseur de la justice moderne ? Saint-Louis
55%
Empereur qui fonda en Asie le plus grand Empire ayant jamais existé,d'une superficie de près de 33 millions de km². Gengis Khan
54%
Roi de Jérusalem qui,bien qu'atteint de la lèpre, remporta une victoire décisive sur Saladin à l'âge de 15 ans. Baudouin IV
36%
Empereur fondateur du Saint-Empire Germanique, couronné en 962 par le pape Jean XII. Otton Ier
21%
Sultan ottoman qui en 1453 fit chuté l'Empire Byzantin lors du Siège de Constantinople. Mehmed II
20%
Quel Roi de Castille fut surnommé « Le Cruel » par ses ennemis ? Pierre Ier
4%
Aucun quiz correspondant
Distribution des résultats
% des personnes avec chaque résultat
Percentile par nombre de réponses
Votre historique - résultats
Vous n’avez pas pris ce quiz